Statistics for UEFA Team of the Year 2020

Click here to take the quiz!

General Stats

  • This quiz has been taken 52 times
  • The average score is 10 of 11

Answer Stats

ClubAnswer% Correct
BayernManuel Neuer
100%
BarcelonaLionel Messi
98%
BayernRobert Lewandowski
96%
LiverpoolVirgil van Dijk
94%
JuventusCristiano Ronaldo
92%
Man. CityKevin De Bruyne
92%
PSGNeymar
92%
Bayern/LiverpoolThiago Alcántara
92%
Real MadridSergio Ramos
90%
BayernJoshua Kimmich
88%
BayernAlphonso Davies
71%

Score Distribution

Percentile by Number Answered

Percent of People with Each Score

Your Score History

You have not taken this quiz